1967 1626 1062 1434 1480 1684 1567 1557 1480 1109 1570 1747 1354 1329 1961 1886 1811 1666 1602 1308 1809 1679 1512 1127 1342 1825 1053 1330 1723 1190 1247 1610 1588 1932 1374 1272 1233 1559 1186 1737 1924 1441 1133 1384 1430 1539 1652 1736 1423 1430 1908 1982 1653 1886 1227 1368 1185 1127 1580 1174 1087 1687 1862 1979 1089 1082 1109 1138 1606 1602 1647 1984 1778 1150 1623 1367 1038 1449 1477 1185 1836 1564 1332 1708 1726 1771 1279 1204 1865 1415 1679 1199 1837 1618 1075 1880 1070 1857 1145 BCNSPRNW ULIB Ver.6.0+V

เปลี่ยนเป็นภาษาไทย

Change to English
 แสดงรายละเอียดบรรณานุกรม
  กลับหน้าหลัก

Brief Record : Get Marc (ISO 2709) : E-mail record : QR code < ปิดหน้าต่าง
LEADER : 00000nam 2200000uu 4500
001    13399114112
003     ULIB
008    120110s||||||||th 000 0 tha d
099    วจ.WY85^bก674ก
100 0  กิตติพร เนาว์สุวรรณ
245 00 การศึกษาความสัมพันธ์ระหว่างพฤติกรรมเชิงจริยธรรมกับความสามารถเชิงสมรรถนะหลักของพยาบาลวิชาชีพงานอุบัติเหตุฉุกเฉินในโรงพยาบาลชุมชน เขตภาคใต้/^cกิตติพร เนาว์สุวรรณ , ชุติมา จันทรประทิน , เสาพฤกษ์ ชื่นเจริญ และ สินีนาฏ เนาว์สุวรรณ
260    สงขลา :^bวิทยาลัยพยาบาลบรมราชชนนี สงขลา,^c2553
300    105 หน้า :^bตาราง
500    รายงานการวิจัย
650  7 พฤติกรรมเชิงจริยธรรม^xวิจัย
650  7 สมรรถนะหลักของพยาบาลวิชาชีพ^xวิจัย
700 02 ชุติมา จันทรประทิน
700 02 เสาพฤกษ์ ชื่นเจริญ
700 02 สินีนาฏ เนาว์สุวรรณ
710 1  วิทยาลัยพยาบาลบรมราชชนนี สงขลา
945    ^p0^l0^i030999
995    ทศพร
999 ^a ทศพร
รายการนี้ยังไม่มีแท็ก
คุณยังไม่ได้ล็อกอิน คุณสามารถมีกิจกรรมร่วมกับเว็บไซต์ได้ แต่ต้องล็อกอินก่อน ::
  ล็อกอิน

รายการสื่อสารสนเทศ

ลำดับที่ ประเภท เลขเรียก/บาร์โค้ด สถานที่ สถานะ
1. งานวิจัย
งานวิจัย
วจ.WY85 ก674ก ฉ.1 
  Barcode: 030999
ห้องสมุดวิทยาเขตสวรรค์ประชารักษ์
►วิจัย
บนชั้น

รายการใกล้เคียง
    ผู้แต่ง [กิตติพร เนาว์สุวรรณ]

BibComment


ยังไม่เคยถูกคอมเมนท์

คอมเมนท์ทรัพยากรรายการนี้
  คอมเมนท์: การศึกษาความสัมพั..


 Copyright 2026. Bcnsprnw @Library